| 000 | 01194nam a2200229Ia 4500 | ||
|---|---|---|---|
| 003 | Ost | ||
| 005 | 20260507075121.0 | ||
| 008 | 260507s9999||||xx |||||||||||||| ||und|| | ||
| 020 | _a2039409961 | ||
| 040 | _cfsecg | ||
| 041 | _aara | ||
| 082 | _a307.10965 | ||
| 100 |
_aبهلول، محمد بلقاسم حسن _eمؤلف |
||
| 245 | 0 |
_aسياسة تخطيط التنمية وإعادة تنظيم مسارها في الجزائر : _bإعادة تنظيم الإقتصاد الوطني / _c محمد بلقاسم حسن بهلول |
|
| 260 |
_aالجزائر: _bديوان المطبوعات الجامعية, _c1993 |
||
| 300 |
_a320 صفحة؛ _bإيضاحات ؛ _c24 سم |
||
| 520 | _aالمخطط الخماسي الاول للتنمية 1980-1984- تحليل انجاز المخطط الخماسي الأول الفصل السابع- المخطط الخماسي الثاني للتنمية 1985-1989 -مميزات تخطيط التنمية وتوجهاتها الجديدة. | ||
| 653 | _aالتخطيط الاقتصادي | ||
| 653 | _aالتنمية الإقتصادية- الجزائر | ||
| 653 | _aالجزائر- السياسة الإقتصادية | ||
| 942 | _cكتاب | ||
| 999 |
_c43080 _d43080 |
||